000 00356nam a2200145Ia 4500
008 120919t2007 xxu||||| |||| 00| 0 eng d
041 _aeng
080 _a8 - 31
_bJAY
245 _aJocelyn
260 _aA Stamford Lake Publication
_aPannipitiya
_c2007
300 _b139p, 21 cm
942 _cBK
999 _c41779
_d41779
003 LK-CoDNM
040 _aLK-CoDNM
_dLK-CoDNM
_eLK-CoDNM